| 000 | 00671cam a22002295i 4500 | ||
|---|---|---|---|
| 999 |
_c12680 _d12680 |
||
| 003 | OSt | ||
| 005 | 20240713142405.0 | ||
| 008 | 230110s2023 mau 000 0 eng | ||
| 020 |
_a9783035626063 _q(hardcover) |
||
| 042 | _apcc | ||
| 082 | _a690 | ||
| 245 | 0 | 0 |
_aMono-material : _bmonolithic, homogeneous and circular construction / _cTill Boettger, Ulrike Knauer. |
| 250 | _a1. | ||
| 263 | _a1111 | ||
| 300 | _apages cm | ||
| 490 | _a205p; | ||
| 700 | 1 |
_aBoettger, Till, _eeditor. |
|
| 700 | 1 |
_aKnauer, Ulrike, _eeditor. |
|
| 906 |
_a0 _bibc _corignew _d2 _eepcn _f20 _gy-gencatlg |
||
| 942 | _2ddc | ||